Research handbook on money laundering (Record no. 18994)

MARC details
000 -LEADER
fixed length control field 00400nam a22001337a 4500
008 - FIXED-LENGTH DATA ELEMENTS--GENERAL INFORMATION
fixed length control field 210625b xxu||||| |||| 00| 0 eng d
020 ## - INTERNATIONAL STANDARD BOOK NUMBER
International Standard Book Number 1782545873
050 ## - LIBRARY OF CONGRESS CALL NUMBER
Classification number KTA902.5
Item number .R47 2013 c.1
245 ## - TITLE STATEMENT
Title Research handbook on money laundering
Statement of responsibility, etc. Edited by Brigitte Unger & Daan van der Linde
260 ## - PUBLICATION, DISTRIBUTION, ETC. (IMPRINT)
Place of publication, distribution, etc. UK
Name of publisher, distributor, etc. Edward Elgar
Date of publication, distribution, etc. 2013
300 ## - PHYSICAL DESCRIPTION
Extent xv, 502p.
650 ## - SUBJECT ADDED ENTRY--TOPICAL TERM
Topical term or geographic name as entry element Money laundering
942 ## - ADDED ENTRY ELEMENTS (KOHA)
Source of classification or shelving scheme Library of Congress Classification
Koha item type General Collection
Holdings
Withdrawn status Lost status Source of classification or shelving scheme Not for loan Home library Current library Date acquired Cost, normal purchase price Total Checkouts Full call number Barcode Date last seen Date last checked out Price effective from Koha item type
    Library of Congress Classification   Kabarak, Main Campus Kabarak, Main Campus 25/06/2021 4983.00 1 KTA902.5 .R47 2013 c.1 030692 12/04/2023 28/03/2023 25/06/2021 General Collection
    Library of Congress Classification   Kabarak, Main Campus Kabarak, Main Campus 25/06/2021 4983.00 3 KTA902.5 .R47 2013 c.2 030693 14/10/2024 23/09/2024 25/06/2021 General Collection
    Library of Congress Classification   Kabarak, Main Campus Kabarak, Main Campus 25/06/2021 4983.00   KTA902.5 .R47 2013 c.3 030694 25/06/2021   25/06/2021 General Collection
Designed with assistance from East African Informatics Ltd